Double L geography A-Z - Statistics

General Stats
  • This quiz has been taken 71 times
  • The average score is 8 of 26
Answer Stats
Hint Answer % Correct
N "Music City, U.S.A." Nashville
78%
Y First national park in the world Yellowstone
76%
V Maltese capital Valletta
74%
H West Dutch region, sometimes wrongly used as the name for whole country Holland
72%
A Highest capital in Europe Andorra La Vella
67%
D Lowest point in North America Death Valley
67%
I State home to world's first nuclear reactor Illinois
60%
S Smallest country in Africa Seychelles
57%
R New Mexico city famous for UFO sighting Roswell
48%
T City with newest State Capitol building in US Tallahassee
43%
W Principality ruled by Vlad the Impaler Wallachia
24%
P London street in St James area, named after a ball game Pall Mall
22%
C Spanish name for historic kingdom of central Spain Castilla
21%
K 2017 UK city of culture Kingston upon Hull
16%
B Danish town, Lego head office location Billund
12%
U 2nd largest body of water in English Lake District Ullswater
10%
G Region of southwest Scotland Galloway
9%
L Town where International Eisteddfod is held Llangollen
7%
J Denmark's name for its largest peninsula Jylland
5%
M Country where Spongebob lives Marshall Islands
5%
F Tower near Ludlow, England Flounders' Folly
2%
Z Dutch city where people are known as 'Bluefingers' Zwolle
2%
E One of the largest cities in Egypt El Mahalla El Kubra
0%
O Incan town, estate of emperor Pachacuti Ollantaytambo
0%
Q French town between Carcassone and Perpignan Quillan
0%
X Hotel in Lake Nicaragua Xalli
0%
No matching quizzes found
Score Distribution
Percent of People with Each Score
Percentile by Number Answered
Your Score History
You have not taken this quiz